000 01757cam a2200397 i 4500
650 7 _aEmigración e inmigración
_2
_92117
999 _c65019
_d65019
001 17104737
003 CO-MdFUSB
005 20220623062543.0
008 120104t20132012enka g b 001 0 eng
010 _a 2011051865
020 _a9780415779722 (hardback)
020 _a9781138787735
040 _aDLC
_cCO-MdFUSB
_dDLC
_bspa
_erda
041 _aeng
042 _apcc
082 0 0 _224
_a325
_bR869
245 0 0 _aRoutledge international handbook of migration studies
_c/ editado por Steven J. Gold y Stephanie J. Nawyn.
246 3 0 _aInternational handbook of migration studies
264 1 _aLondon ;
_bRoutledge,
_c℗[2014]
264 4 _c©2013
300 _axix, 613 páginas :
_bilustraciones ;
_c25 cm.
336 _2rdacontent
_atexto
_btxt
337 _2rdamedia
_asin mediación
_bn
338 _2rdacarrier
_avolumen
_bnc
490 0 _aRoutledge intenational handbooks
501 _aIncluye índice (páginas 576- 613)
505 _aTeorías e historias de la migración internacional -- Refugiados y migrantes forzosos -- Migrantes en la economía -- Intersección de las desigualdades en las vidas de los migrantes -- Creación y recreación de la identidad comunitaria y grupal -- Migrantes y reproducción social -- Migración y el estado -- Mantener enlaces a través de las fronteras -- Métodos para estudiar la migración internacional
700 1 _aGold, Steven J.
_q(Steven James)
700 1 _aNawyn, Stephanie J.
906 _a7
_bcbc
_corignew
_d1
_eecip
_f20
_gy-gencatlg
942 _cBK